Soccer top 25 Goal scorers in the past 20 years - Statistics

General Stats
  • This quiz has been taken 307 times
  • The average score is 12 of 25
Answer Stats
Hint Answer % Correct
2. Messi
100%
1. Ronaldo
100%
23. Neymar
85%
4. Lewandowski
82%
5. Suarez
82%
16. Benzema
78%
3. Ibrahimovic
67%
11, Henry
62%
12. Rooney
59%
6. Aguero
57%
13. Drogba
49%
20. van Persie
49%
9. Cavani
46%
17. Higuain
38%
10. Villa
38%
7. Eto'o
36%
24. Raul
35%
19. Klose
28%
18. Dzeko
20%
21. Falcao
17%
15. Gomez
17%
8. Huntelaar
9%
22. Hulk
7%
14. Keane
2%
25. Kuyt
2%
No matching quizzes found
Score Distribution
Percent of People with Each Score
Percentile by Number Answered
Your Score History
You have not taken this quiz